Statystyki dla Skoki Narciarskie - trenerzy Austrii

Kliknij tutaj aby rozwiązać quiz!

Ogólne statystyki

  • Ten quiz został rozwiązany 23 razy
  • Średni wynik to 7 z 17

Statystyki odpowiedzi

RokTrener% Poprawnych
2020-Andreas Widhölzl
90%
2014-2018Heinz Kuttin
90%
2004-2014Alexander Pointner
76%
2018-2020Andreas Felder
76%
1995-1997Andreas Felder
76%
2002-2004Hannu Lepistö
43%
2001-2002Toni Innauer
38%
1989-1992Toni Innauer
38%
1997-1999Mika Kojonkoski
33%
1957-1972Josef Bradl
29%
1999-2001Alois Lipburger
19%
1992-1995Heinz Koch
19%
1974-1980Baldur Preiml
10%
1972-1974Max Golser
10%
1980-1984Max Golser
10%
1984-1988Paul Ganzenhuber
10%
1988-1989Rupert Gürtler
10%

Rozkład punktacji

Percentyl według liczby udzielonych odpowiedzi

Procent ludzi z każdym wynikiem

Twoja historia wyników

Nie rozwiązałeś tego quizu